El estado en la edad media
Guardado en:
| Autor principal: | |
|---|---|
| Formato: | Libro |
| Lenguaje: | español |
| Publicado: |
Madrid
EDAF
1977
|
| Colección: | Colección Edaf Universitaria, 1
|
| Materias: | |
| Etiquetas: |
Agregar Etiqueta
Sin Etiquetas, Sea el primero en etiquetar este registro!
|
MARC
| LEADER | 00000nam a2200000 a 4500 | ||
|---|---|---|---|
| 001 | UCP9891 | ||
| 003 | CL-VaPUC | ||
| 008 | 000407e19770000SP |||||||||||||||||spa|d | ||
| 082 | 0 | 4 | |a 940.1 |b FED |2 21 |
| 100 | |a Fedou, Rene |e author |9 316228 | ||
| 245 | 1 | 3 | |a El estado en la edad media |
| 300 | |a 262 p | ||
| 942 | |c BK | ||
| 945 | |d 20000407 00:00:00 |a rherrera | ||
| 260 | |a Madrid |b EDAF |c 1977 | ||
| 650 | 0 | |a Historia de Europa |9 392003 | |
| 650 | 0 | |a Edad media |9 258041 | |
| 650 | 0 | |a Estado |9 255503 | |
| 650 | 0 | |a Estado y economía |9 383167 | |
| 650 | 7 | |a ESTADO Y NACION |2 CL-VaPUC |9 440817 | |
| 650 | 0 | |a Aristocracia |9 356916 | |
| 650 | 0 | |a Feudalismo |9 313469 | |
| 650 | 7 | |a IMPERIO |2 CL-VaPUC |9 255149 | |
| 650 | 7 | |a CENTRALIZACION |2 CL-VaPUC |9 384356 | |
| 650 | 7 | |a GOBERNANTES |2 CL-VaPUC |9 375433 | |
| 651 | 0 | |a Europa |9 255156 | |
| 583 | |a last modification |c 20000407 00:00:00 |k Rodrigo Vera | ||
| 490 | 0 | |a Colección Edaf Universitaria, 1 | |
| 999 | |c 286671 |d 286669 | ||
| 952 | |0 0 |1 0 |4 0 |6 940_100000000000000_FED_1977 |7 0 |8 A |9 332725 |a BIBHIS |b BIBHIS |d 2019-11-20 |i 1262440 |o 940.1 FED 1977 |p 1262440 |r 2025-01-20 |w 2019-11-20 |y BK |k HIS | ||